Evaluating transnational NGOs: legitimacy, accountability, representation (Record no. 42640)

MARC details
000 -LEADER
fixed length control field 00684nam a2200169 a 4500
008 - FIXED-LENGTH DATA ELEMENTS--GENERAL INFORMATION
fixed length control field 130829s2010 ||||||||||||||||| || u
020 ## - INTERNATIONAL STANDARD BOOK NUMBER
International Standard Book Number 9780230228719
050 ## - LIBRARY OF CONGRESS CALL NUMBER
Classification number JZ 841 EVA
100 ## - MAIN ENTRY--PERSONAL NAME
Personal name Hahn, Kristina
245 10 - TITLE STATEMENT
Title Evaluating transnational NGOs: legitimacy, accountability, representation
Statement of responsibility, etc. edited by Jens Steffek and Kristina Hahn
260 ## - PUBLICATION, DISTRIBUTION, ETC.
Place of publication, distribution, etc. Hampshire:
Name of publisher, distributor, etc. Palgrave MacMillian
Date of publication, distribution, etc. 2010
300 ## - PHYSICAL DESCRIPTION
Extent xiv, 271p.
650 #0 - SUBJECT ADDED ENTRY--TOPICAL TERM
Topical term or geographic name entry element INTERNATIONAL AGENCIES
650 #0 - SUBJECT ADDED ENTRY--TOPICAL TERM
Topical term or geographic name entry element NON-GOVERNMENTAL ORGANIZATIONS
700 ## - ADDED ENTRY--PERSONAL NAME
Personal name Steffek, Jens
995 ## - RECOMMENDATION 995 [LOCAL, UNIMARC FRANCE]
-- CBU-MAIN LIBRARY (Kitwe)
-- 1
-- AVAILABLE
-- Sep 5, 2013
-- Main Library Open Access Collection
Holdings
Withdrawn status Lost status Source of classification or shelving scheme Damaged status Not for loan Home library Current library Shelving location Date acquired Total Checkouts Full call number Barcode Date last seen Price effective from Koha item type
          CBU-MAIN LIBRARY, KITWE. CBU-MAIN LIBRARY, KITWE.   11/30/2022   JZ 841 EVA 744237 11/30/2022 11/30/2022 MONOGRAPH